Quizzes
Events
Quiz Creation
Community
Videos
Private Events
Remove Ads
Sign In
Join for FREE
Feedback
Dark Mode
Quiz Categories
Sports
Geography
Music
Movies
Television
Just For Fun
Miscellaneous
History
Literature
Language
Science
Gaming
Entertainment
Religion
Holiday
For Kids
Quiz Lab
Recent
Popular Today
Quiz Kudos Today
Editor Picks
Curator Picks
Quizzes by...
Day
Popularity
Type
Ratings
Length
Year
Community
Subscriptions
Recent Discussions
Orange Saloon
Badges
Playlists
Quests
Create
Leaderboards
Showdown
Live 5
Trivia Bingo
Activity
Puzzle Library
Sporcle Events
Private Events
Virtual Trivia
Globe League
Become a Host
Pub Owners
SporcleCon
Opinionation
Our Games
Videos
Blog
Mobile Apps
Partnerships
Remove Ads and Go Orange
Feedback
Movies
Disney
Marvel Cinematic Universe
Movie Resume
Movie Titles
Oscar
Actor
Actress
Director
Pixar
Role
Movie Quotes
Movie Characters
Box Office
Nominee
Best Picture
Star Wars
James Bond
Horror Movies
Movies
Disney
Marvel Cinematic Universe
Movie Resume
Movie Titles
Oscar
Actor
Actress
Director
Pixar
Role
Movie Quotes
Movie Characters
Box Office
Nominee
Best Picture
Star Wars
James Bond
Horror Movies
Random Quiz
Search Sporcle
×
Quiz Lab
Quiz Lab
Movies
Actor
Type in answers that appear in a list
Type in answers that appear in a list
Classic
Best Score? Go Orange.
Grab Bag: R-Rated Youth Comedies Stats
Can You Name The Answers To The Categories About R-Rated Youth Movies?
By
Sepa
7m
57 Questions
478 Plays
478 Plays
478 Plays
Comments
Comments
Give Quiz Kudos
Give Quiz Kudos
-
- Ratings
hide this ad
Replay
Link that replays current quiz
Next Quiz
Link to next quiz in quiz playlist
You Got
0%
They Got
Avg Score
43%
Avg Friend Score
Upgrade to see
Score Distribution
Jump to the score distribution portion of the page
Score
0/57
Timer
07:00
0
Plays Today
Category
Movie
% Correct
High School
American Pie
93.3%
High School
Superbad
86.2%
Wedding
Wedding Crashers
80.8%
College
Old School
76.2%
Dateing/
Relationships
Knocked Up
74.9%
Road Trip
Road Trip
74.3%
Dateing/
Relationships
The 40-Year-Old Virgin
73.6%
Horror Comedies
Scary Movie
69.7%
Wedding
American Wedding
68%
Pot
Pineapple Express
67.8%
High School
Fast Times at Ridgemont High
67.4%
Jay and Silent Bob Films
Clerks.
66.7%
Wedding
Bridesmaids
66.7%
Horror Comedies
Shaun of the Dead
66.1%
Jay and Silent Bob Films
Jay and Silent Bob Strike Back
64.9%
College
National Lampoon's Van Wilder
63.4%
Pot
Harold & Kumar Go To White Castle
61.7%
Porn Industry
Zack and Miri Make a Porno
57.9%
Road Trip
Eurotrip
56.3%
Jay and Silent Bob Films
Dogma
55.4%
Jay and Silent Bob Films
Mallrats
53.6%
Porn Industry
The Girl Next Door
52.9%
On the Job
Office Space
52.5%
Jay and Silent Bob Films
Chasing Amy
51.3%
Pot
Dazed and Confused
47.1%
Pot
Friday
46.2%
Dateing/
Relationships
Swingers
45%
Pot
Half Baked
43.9%
Porn Industry
Bucky Larson: Born to Be a Star
43.5%
Category
Movie
% Correct
Broken Lizard Films
Super Troopers
42.3%
Cheech & Chong Films
Up in Smoke
41.6%
Horror Comedies
Army of Darkness
40.8%
On the Job
Waiting...
37.4%
On the Job
Adventureland
36.6%
Broken Lizard Films
Beerfest
34.7%
Broken Lizard Films
Club Dread
34.5%
Horror Comedies
Idle Hands
34.3%
College
Revenge of the Nerds
34.1%
Porn Industry
Orgazmo
30.3%
Dateing/
Relationships
She's Out of My League
29.3%
High School
Porky's
29.1%
On the Job
Observe and Report
23.8%
College
The Rules of Attraction
22%
High School
Charlie Bartlett
20.1%
Road Trip
Detroit Rock City
19.7%
Dateing/
Relationships
Youth in Revolt
18.6%
Road Trip
Sex Drive
17.8%
Broken Lizard Films
The Slammin' Salmon
15.7%
Cheech & Chong Films
Still Smokin'
13.6%
Cheech & Chong Films
Next Movie
11.5%
Cheech & Chong Films
Nice Dreams
11.1%
Road Trip
Strange Wilderness
9.4%
Broken Lizard Films
Puddle Cruiser
8.2%
College
Art School Confidential
6.9%
Horror Comedies
Stan Helsing
6.1%
Wedding
Wedding Daze
5.9%
Cheech & Chong Films
Things Are Tough All Over
3.6%
Quiz Playlist
Details
Report
Send in Message
Add To Playlist
Classic:
Type in answers that appear in a list
Quiz Source
Last Updated: Nov 3, 2023
Quiz Scoreboard
CHALLENGE
Sign Up to Join the Scoreboard
Show All
Scores
Hide
Comments
May contain spoilers
Recently Published
Presidents Visiting Landmarks
by Hejman
History
7m
An Introduction to Baseball
by treessimontrees
Sports
5m
Movies - When Are They Set?
by FPL_Elf
Movies
5m
More to Explore
Quiz From the Vault
Featured Blog Post
Where Did the Easter Bunny Come From?
hide this ad
You Might Also Like...
Tags
Actor Quiz
Actress Quiz
bag
Category
Comedy
R-rated
Youth
Today's Top Quizzes in Movies
Browse Movies
hide this ad
Today's Top Quizzes in Actor
Browse Actor
Top Contributed Quizzes in Movies
1
Pick 5 Posters: Directed by Spielberg
2
7-to-1: Pixar Characters
3
Pick 5 Posters: Lowest-Rated Spielberg
4
Pick 5 Posters: Directed by Scorsese
5
Pick 5 Posters: Star & Director
6
Sorting Actors
7
Sorting Actresses
8
12 Movies about Fictional 1960s Events
9
Multi-Oscar Nominations, One Movie, One Winner
10
Pick 5 Posters: Women Directed 2020s
Explore More
Trending Topics
Kpop
Disney
Harry Potter
Anime
NBA
Crossword
Marvel
Soccer
Song
The Office
Puzzle
WWE
Pokémon
NFL
Country
hide this ad
More By:
Sepa
Quiz
Plays
Rating
Category
Featured
Created
Marvel Characters (A-Z)
218,198
4.22
Entertainment
May 5, 2011
Marvel: Most Published Characters 1-100
181,442
4.44
Entertainment
May 1, 2010
NBA Double-Double Averages (2000-2010)
146,205
4.30
Sports
Dec 1, 2010
DC Comics: Most Published Characters 1-100
93,393
3.97
Entertainment
Jan 3, 2011
1970s World History
91,160
4.23
History
Feb 3, 2010
Go to Creator's Profile
Score Distribution
Quiz Creator Spotlight
Sepa
Follow
Send a Message
Quizzes Created
-
Created Quiz Play Count
-
More By This Creator
Popular Quizzes Today
1
Find the US States - No Outlines Minefield
2
Find the Countries of Europe - No Outlines Minefield
3
The Countries of the World
4
Find the US States
5
Popular People in 1961
6
US States
7
Risky Map Clicking: Biggest States A-Z
8
Movies - When Are They Set?
More Movies Quizzes
Name That Movie II
Published
Trending Quizzes
Risky Map Clicking: Least Populous States A-Z
1-10 Letter G Words
1-10 Letter F Words
Risky Map Clicking: Next State Alphabetically
Risky Map Clicking: Biggest States A-Z
Recently Updated
Leaping Animals
pecheneg
Reality TV Shows (A-Z)
bhenderson79
Rickey Henderson's Hall of Fame Teammates
pecheneg
Champions League XIs: Arsenal
pecheneg
Quick Pick: Celebrities in WWE's Hall of Fame
aduchscher
A-Z Keypad Blitz II
pecheneg
Multiple Oscar Actors
pecheneg
Mystery Phrase Blitz: Oscar 'Best Actors'
pecheneg
F. Scott Fitzgerald Novels
LTH
Pick 3 Villains
ddd62291
Trending Topics
Kpop
Anime
Crossword
Disney
Harry Potter
NBA
Marvel
Country
Pokémon
NFL
Puzzle
Soccer
Song
The Office
WWE
Your Account Isn't Verified!
In order to create a playlist on Sporcle, you need to verify the email address you used during registration. Go to your
Sporcle Settings
to finish the process.
Report this User
Report this user for behavior that violates our
Community Guidelines
.
Details:
Send Report
Go to the Sporcle.com Mobile Site →
Comments